00431nam a2200193Ia 4500003000900000008004100009040001300050040001300063041000800076100002600084245003300110250001200143260001400155260000900169300001100178300001200189490003000201490000600231IT-RoPAU120407s9999 xx 000 0 und d aIT-RoPAU cIT-RoPAU aita aDonald S. L. Cardwell aTecnologia, scienza e storia aBologna aIl Mulino c1976 a332 p. c18,5 cm aUniversale Paperbacks, 45 v1